[Event "Prague Golden op 18th"]
[Site "Prague"]
[Date "2023.06.25"]
[Round "4.1"]
[White "Beinhauer, Bernard"]
[Black "Slanec, Jan"]
[Result "1-0"]
[WhiteElo "1726"]
[BlackElo "1971"]
[PlyCount "77"]
[EventDate "2023.06.25"]
[EventType "team-swiss"]
[EventRounds "9"]
[EventCountry "CZE"]
[SourceTitle "CBM 214 Extra"]
[Source "ChessBase"]
[SourceDate "2023.07.31"]
[SourceVersion "1"]
[SourceVersionDate "2023.07.31"]
[SourceQuality "1"]
[WhiteTeam "Blbi a Pomali"]
[BlackTeam "Hostivice"]
[WhiteTeamCountry "CZE"]
[BlackTeamCountry "CZE"]

1. d4 g6 2. Nf3 Bg7 3. Bg5 d6 4. Nbd2 c6 5. e4 Nd7 6. c3 Qc7 7. Be2 h6 8. Bh4 g5 9. Bg3 Ngf6 10. 0-0 b5 11. h3 Nh5 12. Bh2 Nf4 13. Re1 Nxe2+ 14. Qxe2 e5 15. a4 bxa4 16. dxe5 Nxe5 17. Nxe5 Bxe5 18. Bxe5 dxe5 19. Rxa4 g4 20. h4 g3 21. fxg3 Qb6+ 22. Kh2 Qxb2 23. Rb1 Qc2 24. Rab4 Rg8 25. Qc4 Qxd2 26. Qxc6+ Qd7 27. Qxa8 Ke7 28. Qd5 Qxd5 29. exd5 Bf5 30. Ra1 Kd6 31. Rb5 Ra8 32. Ra6+ Kc7 33. d6+ Kd7 34. Rxe5 Be6 35. c4 Bxc4 36. Re7+ Kd8 37. Raxa7 Rb8 38. Rad7+ Kc8 39. Rc7+ 1-0

[Event "CZE-chT2B 1920"]
[Site "Czech Republic"]
[Date "2019.10.13"]
[Round "1.8"]
[White "Slanec, Jan"]
[Black "Pospech, Radim"]
[Result "0-1"]
[WhiteElo "1996"]
[BlackElo "1983"]
[PlyCount "88"]
[EventDate "2019.10.13"]
[EventType "team-tourn"]
[EventRounds "11"]
[EventCountry "CZE"]
[SourceTitle "EXT 2024"]
[Source "ChessBase"]
[SourceDate "2023.10.10"]
[SourceVersion "1"]
[SourceVersionDate "2023.10.10"]
[SourceQuality "1"]
[WhiteTeam "Kolesovice Cesky Lev"]
[BlackTeam "Praha Dukla"]
[WhiteTeamCountry "CZE"]
[BlackTeamCountry "CZE"]

1. e4 c5 2. Nc3 Nc6 3. Bc4 g6 4. a4 Bg7 5. Nge2 e6 6. d3 Nge7 7. Ng3 0-0 8. 0-0 d5 9. Bb3 d4 10. Nce2 Na5 11. Ba2 Bd7 12. f4 Kh8 13. e5 b6 14. Ne4 Bc6 15. g4 Bd5 16. N2g3 Bxa2 17. Rxa2 Nd5 18. g5 Qe7 19. Qg4 Rfd8 20. b3 Nc6 21. Rf3 Qf8 22. Nf6 Bxf6 23. gxf6 Nc3 24. Ra1 Nb4 25. Rf2 Nbd5 26. Qf3 a6 27. Ne4 Nxe4 28. dxe4 Ne3 29. Bxe3 dxe3 30. Qxe3 Qh6 31. Rf3 Rd4 32. Rh3 Qf8 33. c3 Rd7 34. Ra2 Rad8 35. Rf2 c4 36. bxc4 Qa3 37. Rh6 Rd3 38. Qxb6 Qc1+ 39. Rf1 Qxc3 40. Qc7 Qd4+ 41. Rf2 Rd1+ 42. Kg2 Qxe4+ 43. Kg3 R1d3+ 44. Kh4 g5+ 0-1

[Event "Rakovnik Regional-chT 1415"]
[Site "Rakovnik"]
[Date "2015.01.04"]
[Round "5.3"]
[White "Slanec, Jan"]
[Black "Purnoch, Josef"]
[Result "1/2-1/2"]
[WhiteElo "1968"]
[BlackElo "2188"]
[PlyCount "118"]
[EventDate "2014.10.19"]
[EventType "team-tourn"]
[EventRounds "11"]
[EventCountry "CZE"]
[SourceTitle "EXT 2016"]
[Source "ChessBase"]
[SourceDate "2015.10.08"]
[SourceVersion "1"]
[SourceVersionDate "2015.10.08"]
[SourceQuality "1"]
[WhiteTeam "Rakovnik"]
[BlackTeam "Neratovice II"]
[WhiteTeamCountry "CZE"]
[BlackTeamCountry "CZE"]

1. e4 Nc6 2. Nc3 Nf6 3. d4 e5 4. dxe5 Nxe5 5. f4 Ng6 6. e5 Ng8 7. Bc4 Bb4 8. Qd4 Qe7 9. Bd2 c6 10. Ne4 Bxd2+ 11. Kxd2 Qb4+ 12. Ke3 N8e7 13. Nd6+ Qxd6 14. Qxd6 Nf5+ 15. Kf3 Nxd6 16. exd6 b5 17. Re1+ Kf8 18. Bd3 f6 19. h4 Kf7 20. h5 Nf8 21. Re7+ Kg8 22. h6 Ne6 23. hxg7 Nxg7 24. Rh6 f5 25. Rf6 a6 26. c3 c5 27. Kf2 c4 28. Be2 Bb7 29. Rff7 Ne6 30. Rxf5 Rf8 31. Rxf8+ Nxf8 32. Bg4 Bc6 33. Nh3 h5 34. Bf5 Rh6 35. Kg3 Rxd6 36. Ng5 Rd2 37. Ne4 Bxe4 38. Bxe4 Rxb2 39. Bd5+ Kh8 40. Rf7 Ne6 41. Rxd7 Nc5 42. Rc7 Na4 43. f5 Rd2 44. Be6 Nxc3 45. Kh4 Ne4 46. Kxh5 Rxg2 47. Kh6 Nf6 48. Rc8+ Ng8+ 49. Kh5 Kh7 50. Rc6 Nf6+ 51. Kh4 Rxa2 52. Kg5 Ne4+ 53. Kf4 Re2 54. Bc8 Nc3 55. Bxa6 Re4+ 56. Kg5 Re5 57. Rc7+ Kg8 58. Kg6 Re8 59. Rg7+ Kf8 1/2-1/2

[Event "Jirasek Memorial op 23rd"]
[Site "Rakovnik"]
[Date "2011.08.06"]
[Round "1"]
[White "Slanec, Jan"]
[Black "Hruska, Jan"]
[Result "1-0"]
[WhiteElo "1913"]
[BlackElo "2048"]
[PlyCount "81"]
[EventDate "2011.08.06"]
[EventType "swiss"]
[EventRounds "9"]
[EventCountry "CZE"]
[SourceTitle "CBM 143 Extra"]
[Source "ChessBase"]
[SourceDate "2011.08.29"]
[SourceVersion "1"]
[SourceVersionDate "2011.08.29"]
[SourceQuality "1"]

1. e4 e5 2. Nf3 Nc6 3. Bc4 Bc5 4. c3 Nf6 5. d4 exd4 6. cxd4 Bb4+ 7. Nc3 d5 8. exd5 Nxd5 9. 0-0 Bxc3 10. bxc3 0-0 11. Qc2 h6 12. Bb3 Na5 13. c4 Nxb3 14. axb3 Ne7 15. Bb2 Bf5 16. Qc3 f6 17. Rad1 a5 18. d5 Bg4 19. Nd4 Bxd1 20. Ne6 Nxd5 21. Qd4 Qd6 22. Nxf8 Bxb3 23. Ng6 Bc2 24. c5 Qe6 25. Qxd5 Re8 26. Nf4 Qxd5 27. Nxd5 c6 28. Ne3 Bb3 29. Ra1 a4 30. Kf1 Rb8 31. Nf5 Kf8 32. Re1 Bc4+ 33. Kg1 b5 34. cxb6 Rxb6 35. Nd6 Bf7 36. Bd4 Rb3 37. Bc5 Rc3 38. Ne4+ Rxc5 39. Nxc5 a3 40. Ne6+ Ke7 41. Ng5+ 1-0

[Event "Jirasek Memorial op-A"]
[Site "Rakovnik"]
[Date "2009.08.10"]
[Round "4"]
[White "Slanec, Jan"]
[Black "Janda, Pavel"]
[Result "0-1"]
[WhiteElo "1910"]
[BlackElo "2075"]
[PlyCount "62"]
[EventDate "2009.08.08"]
[EventType "swiss"]
[EventRounds "9"]
[EventCountry "CZE"]
[SourceTitle "EXT 2010"]
[Source "ChessBase"]
[SourceDate "2010.11.25"]
[SourceVersion "1"]
[SourceVersionDate "2010.11.25"]
[SourceQuality "1"]

1. e4 c5 2. b4 cxb4 3. a3 bxa3 4. Bxa3 d6 5. d4 Nf6 6. Bd3 Nc6 7. c3 Qc7 8. f4 g6 9. Nf3 Bg7 10. e5 dxe5 11. fxe5 Nd5 12. Qd2 0-0 13. 0-0 Re8 14. c4 Nb6 15. Nc3 Bg4 16. Nb5 Qd7 17. Bc5 Nc8 18. Be4 Bxf3 19. Bxf3 Nxe5 20. Qf4 Nxf3+ 21. Rxf3 f6 22. Qc7 Rd8 23. Re3 a6 24. Bxe7 axb5 25. Qxd8+ Qxd8 26. Rxa8 Qd7 27. Bc5 Bf8 28. cxb5 Kg7 29. Bxf8+ Kxf8 30. d5 Kf7 31. Rc3 Ne7 0-1